| 000 | 01000cam a2200277 a 4500 | ||
|---|---|---|---|
| 001 | 000014463 | ||
| 005 | 20200929163844.0 | ||
| 008 | 951120s1995 ck a b 000 0 spa d | ||
| 020 | _a9586122158 | ||
| 035 | _a(DLC) 95224965 | ||
| 035 | _a(OCoLC)33925506 | ||
| 035 | _zBLC 199512 | ||
| 040 |
_aDO-SdBNP _bspa _cBNPHU _dDLC |
||
| 082 |
_a306.44089 _bT829d |
||
| 100 | 1 |
_aTrillos Amaya, María. _932659 |
|
| 245 | 1 | 0 |
_aDeixis, tiempo y espacio en damana : _bel proceso y sus circunstancias en una lengua de la Sierra Nevada de Santa Marta / _cMaría Trillos Amaya. |
| 260 |
_a[Santafé de Bogotá] : _bColcultura, _cc1995. |
||
| 300 |
_axviii, 138 p. : _bil. ; _c21 cm. |
||
| 490 | 1 | _aAntropología/etnolinguística | |
| 586 | _aPremios nacionales de cultura, 1994 | ||
| 504 | _aIncluye referencias bibliográficas: (p. [137]-138) | ||
| 650 | 0 |
_aDamana (lengua indigena) _932660 |
|
| 830 | 0 |
_aAntropología/etnolinguística _932661 |
|
| 910 | _aCatalogación por copia / LC | ||
| 049 | _aBNGR | ||
| 999 |
_c14052 _d14052 |
||